| 000 | 00962aam a2200349 4500 | ||
|---|---|---|---|
| 005 | 20161121105408.0 | ||
| 008 | 150407b xxu||||| |||| 00| 0 spa d | ||
| 041 | _aEspañol | ||
| 082 | _a150 M875i13 | ||
| 100 |
_aMorris, Charles G. _928030 |
||
| 100 |
_aMaisto, Albert _928031 |
||
| 245 | _aIntroducción a la psicología | ||
| 250 | _a13 edición | ||
| 260 |
_aMéxico _bPearson Educación _c2011 |
||
| 300 | _a560 páginas | ||
| 650 |
_aPSICOLOGÍA _9229 |
||
| 650 |
_aCONDUCTA _94917 |
||
| 650 |
_aSENSACIÓN _933040 |
||
| 650 |
_aPERCEPCIÓN _916244 |
||
| 650 |
_aAPRENDIZAJE _933041 |
||
| 650 |
_aMEMORIA _91041 |
||
| 650 |
_aCOGNICIÓN _927536 |
||
| 650 |
_aLENGUAJE _91316 |
||
| 650 |
_aINTELIGENCIA _933042 |
||
| 650 |
_aCAPACIDADES MENTALES _928035 |
||
| 650 |
_aCICLO VITAL _917725 |
||
| 650 |
_aPERSONALIDAD _9265 |
||
| 650 |
_aPSICOLOGÍA SOCIAL _97077 |
||
| 650 |
_aMOTIVACIÓN _933043 |
||
| 650 |
_aEMOCIÓN _915819 |
||
| 942 | _cBK | ||
| 999 |
_c3283 _d3283 |
||